000 00675nam a2200217Ii 4500
003 JO-AjNU
008 230606s9999||||xx |||||||||||||| ||und||
020 _a0-324-67887-0/0-324-64832-4
040 _aJO-AjNU
_beng
_erda
_cJO-AjNU
041 _aeng
050 1 4 _aHF5635.S617 2008
100 3 _aAlbrecht,W. Steve/Stice,Earl K / Stice,James D,
_eauthor
_91746
245 0 0 _aFinancial Accounting
250 _a10th ed
264 3 1 _aAustralia:Thomson South- Western ,2008
300 _a723p
_b Includes appendix indexes
336 _atext
_btxt
_2rdacontent
337 _aunmediated
_bn
_2rdamedia
338 _avolume
_bnc
_2rdacarrier
650 4 _aFinancial Accounting
_91747
999 _aE921
_c921
_d921